00818nam a2200253Ia 450000500170000000800390001702000150005604100080007110000370007924500720011625000220018826400360021030000180024633600270026433700330029133800280032449000230035265000340037565000340040965000360044370000390047904000350051808400110055320220316235212.0121119s1995 sp gr 000 p spa a84376070431 aspa1 aEliot, Thomas Stearnsd1888-196510aCuatro cuartetoscT. S. Eliot ; traducción, Esteban Pujals Gesalt aTercera edición 1aMadridbEdiciones Catedrac1995 a168 páginas atextobtxt2rdacontent asin mediaciónbn2rdamedia avolumenbnc2rdacarrier0 aLetras universales142LEMBaPoesía estadounidense142LEMBaSátira estadounidense142LEMBaLiteratura estadounidense1 aPujals Gesalt, Esteban etraductor aCO-BoRNBPbspaerdacCO-BoRNBP aP ELI1